000 01325nam a2200277 a 4500
001 74290
003 BD-RjUL
005 20211209082531.0
008 180530s2007 bg ||||| |||| 00| 0 ben d
020 _a9789644392627
_cTk.200.00
035 _a(BD-RjUL)74508
040 _aBD-RjUL
_beng
_cBD-RjUL
041 _aben
082 _223
_a297.18
_bMOS 2007
100 1 _aমোতাহারী, মুর্তাজা
_9125161
245 1 0 _aসত্যবাদীদের কাহিনী সম্ভার /
_cমুর্তাজা মোতাহারী ; অনুবাদ আলী আক্কাস , আবদুল কুদ্দুস বাদশা ; সম্পাদক নুর হোসেন মজিদী
260 _aঢাকা :
_bআল হুদা আন্তর্জাতিক প্রকাশনা সংস্থা ,
_c২০০৭
300 _aখন্ড. ;
_c২১ সেমি.
505 _aV. 1 - 2
650 _aকাহিনী
_vইসলাম
_9221511
650 _astories
_vIslam
_9221512
700 _aঅনুবাদ ; আক্কাস আলী
_9221513
700 _aবাদশা , আবদুল কুদ্দুস
_9221514
700 _aসম্পাদক; মজিদী, নুর হোসেন
_9221515
942 _2ddc
_cBK
999 _c74290
_d74290